|
|
|
|
| LEADER |
00000nam0a2200000 4500 |
| 001 |
105226 |
| 005 |
20231031114339.0 |
| 010 |
|
|
|a 5279030317
|
| 035 |
|
|
|a (RuTPU)RU\TPU\book\113514
|
| 090 |
|
|
|a 105226
|
| 100 |
|
|
|a 20061114d2006 km y0rusy50 ca
|
| 101 |
0 |
|
|a rus
|
| 102 |
|
|
|a RU
|
| 105 |
|
|
|a a z 001zy
|
| 200 |
1 |
|
|a Управление качеством в бизнесе
|e рекомендации для руководителей предприятий, банков, риск-менеджеров
|f В. А. Москвин
|
| 210 |
|
|
|a Москва
|c Финансы и статистика
|d 2006
|
| 215 |
|
|
|a 384 с.
|c ил.
|
| 320 |
|
|
|a Библиогр.: с. 380-383.
|
| 330 |
|
|
|a Рассматривается одна из самых актуальных проблем - управление качеством в бизнесе, недостатки которого вызывают риски финансирования при реализации различных проектов. Особое внимание уделяется роли качества в обеспечении конкурентоспособности бизнеса, международным стандартам ИСО 9000, менеджменту качества, системе Всеобщего управления качеством (TQM), аспектам качества, играющим значительную роль в инвестиционных проектах в России. Для финансовых руководителей, менеджеров предприятий, коммерческих банков, инвестиционных и страховых компаний, научных работников, преподавателей, аспирантов и студентов экономических вузов.
|
| 610 |
1 |
|
|a качество
|
| 610 |
1 |
|
|a Россия
|
| 610 |
1 |
|
|a российские компании
|
| 610 |
1 |
|
|a инвестиционные проекты
|
| 610 |
1 |
|
|a финансирование
|
| 610 |
1 |
|
|a специфика
|
| 610 |
1 |
|
|a продукция
|
| 610 |
1 |
|
|a цикл Деминга
|
| 610 |
1 |
|
|a бизнес
|
| 610 |
1 |
|
|a конкурентоспособность
|
| 610 |
1 |
|
|a маркетинговые исследования
|
| 610 |
1 |
|
|a менеджмент
|
| 610 |
1 |
|
|a международные стандарты
|
| 610 |
1 |
|
|a ИСО 9000
|
| 610 |
1 |
|
|a TQM
|
| 610 |
1 |
|
|a всеобщее управление качеством
|
| 675 |
|
|
|a 658.62.018.012
|v 3
|
| 700 |
|
1 |
|a Москвин
|b В. А.
|g Виктор Андреевич
|
| 801 |
|
1 |
|a RU
|b 63413507
|c 20061114
|g PSBO
|
| 801 |
|
2 |
|a RU
|b 63413507
|c 20100824
|g PSBO
|
| 942 |
|
|
|c BK
|